000 00441nam a2200181Ia 4500
001 2603
005 20260306144819.0
008 260306t2015||||xx |||||||||||||| ||spa||
041 _aESP
082 _a616.994
_bG45
100 _aGil Moncayo, Francisco Luis
_eAUT
245 0 _aCounselling y psicoterapia en cáncer
260 _c2015
300 _a367 páginas :
_c24 cm.
650 _aGEN
654 _aCPS
942 _cLIB
_dJUS
_fJUS
_2ddc
_n
999 _c2603
_d2603